Argelès-sur-Mer - Choix multiples - Statistiques

Statistiques générales
  • Ce quiz a été pris 22 fois
  • Le résultat moyen est 5 sur 10
Statistiques - réponses
Question Réponse % Correct
Argelès est considérée comme la capitale européenne ... du camping
94%
Sur quelle côte se situe la ville ? La côte Vermeille
82%
Comment s'appelle le quartier huppé sur la côte sud de la ville ? Le Racou
59%
Quelle rivière traverse la ville ? Le Tech
53%
Laquelle de ces photos représente le port d'Argelès-sur-Mer ?
47%
Que pouvait-on trouver sur la plage d'Argelès entre 1939 et 1941 ? Un camp de concentration
41%
Quelle marque de bières argelésienne remporta le titre de "meilleure bière de l'année 2022" ? Cap d'Ona
35%
Comment s'appelle le nouveau festival musical d'été hébergé à Argelès-sur-Mer ? Le Bacchus festival
29%
De quel pays est originaire la majorité des touristes étrangers ? Pays-Bas
29%
L'été, la ville possède le ... le plus fréquenté du pays supermarché
24%
Aucun quiz correspondant
Distribution des résultats
% des personnes avec chaque résultat
Percentile par nombre de réponses
Votre historique - résultats
Vous n’avez pas pris ce quiz